000 00718nam a2200253Ia 4500
001 41564
005 20240114003426.0
007 ta
008 080405s g b000 u u
040 _aCotton College,Assam
082 _a491.49
_bBr 168 Mi
100 _aBrahma, Priyadini .
245 0 _aMiloudw Mahabharat, Mitradev Mahanta`s Mou Mahabharat /
_cPriyadini Brahma.
_hTextual Documents
250 _aIst ed /
260 _aAssam :
_bAnundoram Borooah Institute ,
_c2007.
300 _a225pg ;
_c22cm.
500 _aIssued to the Deptt(Boro) Acc No 90027
653 _aBodo language
653 _aG-Bodo
942 _2ddc
_cBK
999 _c41531
_d41531